Music Quiz

Random Music or Song Quiz

Who's That Beatles Song About? Quiz Stats

Quiz Updated Oct 11, 2015

Challenge
Share
Tweet
Embed
Score 0/30 Timer 06:00
1 Play Today
% Correct
Mother Mary
91.9%
Eleanor
91.6%
Sgt. Pepper
91%
Lucy
89.1%
Madonna
86.2%
Father McKenzie
83.2%
Jo Jo
78.3%
Mr. Kite
76.3%
Jude
76.2%
Vera, Chuck and Dave
68.1%
Paul
64.9%
Desmond
64.8%
Molly
62.2%
Rocky
61.8%
The Hendersons
59.6%
% Correct
Rose and Valerie
59%
Prudence
56.2%
Maxwell
55.9%
Loretta
55.4%
Mr. Mustard
52.8%
Rita
52.6%
Michelle
52.2%
Nancy
49.5%
Joan
48.1%
Julia
47.7%
Bill
47.5%
Sadie
45.7%
Robert
45.4%
Daniel
43.1%
Pam
42.5%

You're not logged in!

Compare scores with friends on all Sporcle quizzes.
Join for Free
OR
Log In

You Might Also Like...

Show Comments

Extras

Top Quizzes Today


Score Distribution

Your Account Isn't Verified!

In order to create a playlist on Sporcle, you need to verify the email address you used during registration. Go to your Sporcle Settings to finish the process.

Report this User

Report this user for behavior that violates our Community Guidelines.

Details: